[Event "World Junior U20 Girls 2018"]
[Site "Gebze"]
[Date "2018.09.11"]
[Round "7"]
[White "Caballero Quijano, Mitzy Mishell"]
[Black "Gur, Tuba"]
[Result "1-0"]
[WhiteElo "2034"]
[BlackElo "1724"]
[Annotator "NA"]
[PlyCount "89"]
[EventDate "2018.09.05"]
[EventType "swiss"]
[EventCountry "TUR"]
[SourceTitle "playchess.com"]
[Source "ChessBase"]
[SourceQuality "1"]
[TimeControl "40/5400+30:1800+30"]

1. d4 {[%emt 0:00:30]} d5 {[%emt 0:00:30]} 2. Nf3 {[%emt 0:00:00]} e6 {[%emt 0:00:30]} 3. c4 {[%emt 0:00:00]} Nf6 {[%emt 0:00:30]} 4. g3 {[%emt 0:00:00]} c6 {[%emt 0:01:30]} 5. Bg2 {[%emt 0:00:00]} Bd6 {[%emt 0:01:30]} 6. O-O {[%emt 0:00:30]} Nbd7 {[%emt 0:00:30]} 7. Qc2 {[%emt 0:00:30]} O-O {[%emt 0:00:30]} 8. Nfd2 {[%emt 0:01:30] E01: Catalan: Early deviations} e5 {[%emt 0:02:30]} 9. cxd5 {[%emt 0:01:30]} cxd5 {[%emt 0:01:30]} 10. Nc3 $146 {[%emt 0:01:30]} ({Predecessor:} 10. dxe5 Nxe5 11. Nc3 Bg4 12. Nb3 Qc8 13. Bf4 Bh3 14. Rfd1 Bxg2 15. Kxg2 Rd8 {1-0 (23) Fominyh,A (2520)-Akselrod,V (2437) Tomsk 2003}) 10... e4 {[%emt 0:06:30]} 11. f3 {[%emt 0:02:30]} exf3 {[%emt 0:03:30]} 12. exf3 {[%emt 0:00:00]} Re8 {[%emt 0:02:30]} 13. Rd1 {[%emt 0:03:00]} Nb6 {[%emt 0:06:30]} 14. Nf1 {[%emt 0:01:30]} Bd7 {[%emt 0:02:30]} 15. Qb3 {[%emt 0:00:30]} Rc8 {[%emt 0:05:30]} 16. Bg5 {[%emt 0:01:30]} Be7 {[%emt 0:09:30]} 17. a4 {[%emt 0:09:30]} Be6 {[%emt 0:04:30]} 18. f4 {[%emt 0:05:30]} Ne4 {[%emt 0:11:30]} (18... Nc4 $1 $15) 19. Bxe7 {[%emt 0:09:30]} Qxe7 {[%emt 0:00:30]} 20. Nb5 {[%emt 0:00:30]} Rc4 {[%emt 0:05:30]} 21. Ne3 {[%emt 0:04:30]} Rb4 {[%emt 0:00:30]} 22. Qa3 {[%emt 0:00:30]} Rxa4 {[%emt 0:07:30]} 23. Qxe7 {[%emt 0:07:30]} Rxe7 $18 {[%emt 0:00:30]} 24. Rxa4 {[%emt 0:02:30]} Nxa4 {[%emt 0:00:30]} 25. f5 {[%emt 0:00:00]} Bd7 {[%emt 0:03:30]} 26. Nxd5 {[%emt 0:00:00]} Re8 {[%emt 0:01:30]} 27. Nbc7 {[%emt 0:01:30]} Nd6 {[%emt 0:02:27]} 28. Nxe8 {[%emt 0:00:30]} Nxe8 {[%emt 0:01:23]} 29. Ra1 {[%emt 0:03:30]} Nxb2 {[%emt 0:05:38]} 30. Rxa7 {[%emt 0:00:30]} Nd6 {[%emt 0:06:09]} 31. Ra8+ {[%emt 0:00:30]} Ne8 {[%emt 0:01:31]} 32. Nc7 {[%emt 0:00:30]} Kf8 {[%emt 0:00:00]} 33. Bxb7 {[%emt 0:00:30]} Ke7 {[%emt 0:00:00]} 34. Nxe8 {[%emt 0:00:30]} Bxe8 {[%emt 0:00:04]} 35. Kf2 {[%emt 0:02:30]} Nc4 {[%emt 0:00:32]} 36. g4 {[%emt 0:00:30]} Nd6 {[%emt 0:00:11]} 37. Bd5 {[%emt 0:00:30]} g6 {[%emt 0:00:30]} 38. Ra7+ {[%emt 0:00:30]} Kf6 {[%emt 0:00:30]} 39. Ra6 {[%emt 0:00:00]} Ke7 {[%emt 0:00:05]} 40. f6+ {[%emt 0:00:00]} Kd7 {[%emt 0:00:00]} 41. Bc6+ {[%emt 0:00:30]} Kc7 {[%emt 0:01:30]} 42. Bxe8 {[%emt 0:00:30]} Nxe8 {[%emt 0:00:30]} 43. Ra7+ {[%emt 0:00:00]} Kd6 {[%emt 0:00:00]} 44. Rxf7 {[%emt 0:00:00]} Ke6 {[%emt 0:01:00]} 45. Re7+ {[%emt 0:00:30]} 1-0

[Event "World Junior U20 Girls 2018"]
[Site "Gebze"]
[Date "2018.09.11"]
[Round "7"]
[White "Yang, Yijing"]
[Black "Chu, Ruotong"]
[Result "1/2-1/2"]
[WhiteElo "2018"]
[BlackElo "2199"]
[Annotator "NA"]
[PlyCount "67"]
[EventDate "2018.09.05"]
[EventType "swiss"]
[EventCountry "TUR"]
[SourceTitle "playchess.com"]
[Source "ChessBase"]
[SourceQuality "1"]
[TimeControl "40/5400+30:1800+30"]

1. Nf3 {[%emt 0:00:30]} Nf6 {[%emt 0:01:30]} 2. c4 {[%emt 0:00:00]} g6 {[%emt 0:16:30]} 3. b3 {[%emt 0:02:00]} Bg7 {[%emt 0:05:30]} 4. Bb2 {[%emt 0:00:30]} c5 {[%emt 0:00:00]} 5. g3 {[%emt 0:00:00]} d6 {[%emt 0:00:00]} 6. Bg2 {[%emt 0:00:00]} e5 {[%emt 0:00:30]} 7. O-O {[%emt 0:00:30]} Nc6 {[%emt 0:00:00]} 8. Nc3 {[%emt 0:00:00]} O-O {[%emt 0:01:00]} 9. d3 {[%emt 0:00:00]} Rb8 {[%emt 0:04:30]} 10. e3 {[%emt 0:01:30] A38: Symmetrical English vs ...g6: 4 Bg2 Bg7 5 Nf3 Nf6} (10. Nd2 a6 11. a3 Bg4 12. h3 Bd7 13. b4 cxb4 14. axb4 Nxb4 15. Ba3 a5 16. Rb1 b5 17. Nxb5 d5 {½-½ (30) Artemiev,V (2691)-Grischuk,A (2772) Huaian 2017}) 10... Be6 {[%emt 0:09:30]} 11. Ng5 $146 {[%emt 0:14:30]} ({Predecessor:} 11. d4 cxd4 12. exd4 exd4 13. Nxd4 Nxd4 14. Qxd4 Nd5 15. Qd2 Nxc3 16. Bxc3 Bxc3 17. Qxc3 b5 18. cxb5 Rxb5 {½-½ (36) Schulz,K (2246)-Korolev,A (2071) Bamberg 2018}) 11... Bg4 {[%emt 0:02:30]} 12. Qd2 {[%emt 0:02:30]} h6 {[%emt 0:03:30]} 13. Nge4 {[%emt 0:00:30]} Qd7 {[%emt 0:04:30]} 14. Nxf6+ {[%emt 0:01:30]} Bxf6 {[%emt 0:00:30]} 15. Nd5 {[%emt 0:00:30]} Bg7 {[%emt 0:01:30]} 16. Rab1 {[%emt 0:15:30]} Ne7 {[%emt 0:03:30]} 17. f4 {[%emt 0:14:30]} Nxd5 {[%emt 0:02:30]} 18. Bxd5 {[%emt 0:00:30]} Be6 {[%emt 0:00:30]} 19. Bxe6 {[%emt 0:00:30]} Qxe6 {[%emt 0:00:30]} 20. d4 {[%emt 0:00:30]} exd4 {[%emt 0:00:30]} 21. exd4 {[%emt 0:00:30]} Qf5 {[%emt 0:00:30]} 22. d5 {[%emt 0:00:30]} Bxb2 {[%emt 0:07:30]} 23. Rxb2 {[%emt 0:05:30]} b5 {[%emt 0:08:30]} 24. Re1 {[%emt 0:07:30]} Qf6 {[%emt 0:04:30]} 25. Rc2 {[%emt 0:02:30]} a6 {[%emt 0:04:08]} 26. Qc3 $11 {[%emt 0:04:30]} Qxc3 {[%emt 0:02:17]} 27. Rxc3 {[%emt 0:00:00]} Rfe8 {[%emt 0:00:00]} 28. Rce3 {[%emt 0:02:00]} Rxe3 {[%emt 0:00:30]} 29. Rxe3 {[%emt 0:01:30]} Kf8 {[%emt 0:04:54]} 30. Kf2 {[%emt 0:02:30]} bxc4 {[%emt 0:01:53]} 31. bxc4 {[%emt 0:00:30]} Rb2+ {[%emt 0:00:00]} 32. Re2 {[%emt 0:00:00]} Rxe2+ {[%emt 0:05:18]} 33. Kxe2 {[%emt 0:00:00]} Ke7 {[%emt 0:00:30]} 34. Kd3 {[%emt 0:00:30]} 1/2-1/2

[Event "World Junior U20 Girls 2018"]
[Site "Gebze"]
[Date "2018.09.11"]
[Round "7"]
[White "Celik, Eylul"]
[Black "Doroy Allaney Jia G"]
[Result "0-1"]
[WhiteElo "2014"]
[BlackElo "1914"]
[Annotator "NA"]
[PlyCount "70"]
[EventDate "2018.09.05"]
[EventType "swiss"]
[EventCountry "TUR"]
[SourceTitle "playchess.com"]
[Source "ChessBase"]
[SourceQuality "1"]
[TimeControl "40/5400+30:1800+30"]

1. d4 {[%emt 0:00:30]} g6 {[%emt 0:00:30]} 2. e4 {[%emt 0:00:30]} Bg7 {[%emt 0:00:00]} 3. Nf3 {[%emt 0:00:00]} c5 {[%emt 0:01:00]} 4. dxc5 {[%emt 0:01:00]} Qa5+ {[%emt 0:00:30]} 5. c3 {[%emt 0:00:30]} Qxc5 {[%emt 0:00:30]} 6. Na3 {[%emt 0:02:30] B27: Sicilian: 2 Nf3, unusual Black 2nd moves} Nf6 {[%emt 0:15:30]} 7. Nb5 {[%emt 0:02:30]} (7. Be3 Qa5 8. Nc4 Qc7 9. e5 Ng4 10. Bf4 b5 11. Ne3 Nxe3 12. fxe3 e6 13. Bxb5 Qb6 {½-½ (32) Nepomniachtchi,I (2705)-Guseinov,G (2649) Ashdod 2015}) 7... Qb6 {[%emt 0:10:30] LiveBook: 3 Games} ({Better is} 7... b6) 8. Be3 {[%emt 0:07:30]} Qd8 {[%emt 0:00:30]} 9. Bc4 $146 {[%emt 0:19:30]} ({Predecessor:} 9. Bf4 O-O 10. Bc7 Qe8 11. e5 Nh5 12. g4 Nf4 13. Qa4 Ne6 14. Bxb8 Rxb8 15. Qxa7 {½-½ (32) Satyapragyan,S (2397)-Savchenko,B (2534) Pardubice 2005}) 9... O-O {[%emt 0:05:30]} 10. Qc2 {[%emt 0:04:30]} Nc6 {[%emt 0:01:30]} 11. h3 {[%emt 0:01:30]} d6 {[%emt 0:01:30]} 12. O-O {[%emt 0:00:30]} Bd7 {[%emt 0:00:30]} 13. Rad1 {[%emt 0:09:30]} Rc8 {[%emt 0:02:30]} 14. Qb1 {[%emt 0:07:30]} a6 {[%emt 0:12:30]} 15. Na3 {[%emt 0:00:30]} Qc7 {[%emt 0:00:30]} 16. Be2 {[%emt 0:00:30]} b5 {[%emt 0:00:30]} 17. Nd4 {[%emt 0:09:30]} Qb7 {[%emt 0:06:30]} 18. f3 {[%emt 0:03:30]} Rfd8 $11 {[%emt 0:10:30]} 19. c4 {[%emt 0:05:30]} b4 {[%emt 0:07:30]} 20. Nac2 {[%emt 0:02:30]} Ne8 {[%emt 0:01:46]} 21. Nxc6 {[%emt 0:02:59]} Bxc6 {[%emt 0:00:20]} 22. Nd4 {[%emt 0:00:41]} Bd7 {[%emt 0:01:33]} 23. Rc1 {[%emt 0:05:55]} Nc7 {[%emt 0:02:02]} 24. Nb3 {[%emt 0:02:39]} Ne6 {[%emt 0:01:07]} 25. Rfd1 {[%emt 0:02:18]} Be5 {[%emt 0:03:35]} 26. Bf2 {[%emt 0:04:14]} Ba4 {[%emt 0:03:59]} 27. c5 {[%emt 0:02:19]} dxc5 {[%emt 0:04:11]} 28. Rxd8+ {[%emt 0:01:18]} Rxd8 {[%emt 0:00:14]} 29. Bxc5 {[%emt 0:01:21]} Bxb3 {[%emt 0:00:54]} 30. Bxe7 {[%emt 0:00:38]} Qxe7 {[%emt 0:01:16]} 31. axb3 {[%emt 0:00:04]} Rd2 {[%emt 0:00:38]} 32. Rc2 {[%emt 0:00:07]} Qa7+ {[%emt 0:00:59]} 33. Kf1 {[%emt 0:00:37]} Qe3 {[%emt 0:00:39]} 34. Rxd2 {[%emt 0:00:30]} Qxd2 {[%emt 0:00:12]} 35. Bxa6 {[%emt 0:00:03]} Nf4 {[%emt 0:01:38]} 0-1

[Event "World Junior U20 Girls 2018"]
[Site "Gebze"]
[Date "2018.09.11"]
[Round "7"]
[White "Isha Sharma"]
[Black "Schneider, Jana"]
[Result "1-0"]
[WhiteElo "2012"]
[BlackElo "2190"]
[Annotator "NA"]
[PlyCount "77"]
[EventDate "2018.09.05"]
[EventType "swiss"]
[EventCountry "TUR"]
[SourceTitle "playchess.com"]
[Source "ChessBase"]
[SourceQuality "1"]
[TimeControl "40/5400+30:1800+30"]

1. e4 {[%emt 0:00:30]} e5 {[%emt 0:00:30]} 2. Nf3 {[%emt 0:00:00]} Nc6 {[%emt 0:00:30]} 3. Bc4 {[%emt 0:00:00]} Bc5 {[%emt 0:00:00]} 4. c3 {[%emt 0:00:30]} Nf6 {[%emt 0:00:00]} 5. d3 {[%emt 0:00:00]} d6 {[%emt 0:02:30]} 6. Nbd2 {[%emt 0:00:00]} O-O {[%emt 0:01:30]} 7. Nf1 {[%emt 0:04:30]} d5 {[%emt 0:05:30]} 8. exd5 {[%emt 0:01:30]} Nxd5 {[%emt 0:00:00]} 9. Ng3 {[%emt 0:00:00]} Kh8 {[%emt 0:04:00]} 10. O-O {[%emt 0:04:00]} f6 {[%emt 0:10:30]} 11. Re1 {[%emt 0:03:30]} a6 {[%emt 0:05:30]} 12. Bb3 {[%emt 0:00:30]} Ba7 {[%emt 0:03:30]} 13. d4 {[%emt 0:08:30]} exd4 {[%emt 0:01:30]} 14. Nh4 {[%emt 0:00:30]} (14. cxd4 $11 Nce7 15. h3) 14... Nde7 {[%emt 0:06:30]} 15. Bc2 {[%emt 0:06:30]} f5 {[%emt 0:07:30]} 16. Bg5 {[%emt 0:03:30]} Qd6 $1 {[%emt 0:07:30]} 17. Qh5 $11 {[%emt 0:02:30]} d3 {[%emt 0:12:30]} 18. Rad1 {[%emt 0:05:30]} Ne5 {[%emt 0:00:30]} 19. Bxe7 {[%emt 0:00:30]} Qxe7 {[%emt 0:00:30]} 20. Rxe5 {[%emt 0:00:30]} Qxe5 {[%emt 0:00:30]} 21. Ng6+ {[%emt 0:00:30]} Kg8 {[%emt 0:00:30]} 22. Nxe5 {[%emt 0:00:30]} dxc2 {[%emt 0:00:30]} 23. Rc1 {[%emt 0:00:30]} f4 {[%emt 0:07:30]} 24. Ne4 {[%emt 0:09:30]} Bf5 {[%emt 0:00:30]} 25. Qe2 {[%emt 0:00:00]} b5 {[%emt 0:02:37]} 26. Qxc2 {[%emt 0:12:00]} Rae8 {[%emt 0:01:14]} 27. Qb3+ {[%emt 0:01:30]} Be6 {[%emt 0:00:08]} 28. Qa3 {[%emt 0:00:00]} Bf5 {[%emt 0:01:46]} 29. Nc6 {[%emt 0:01:00]} Be3 {[%emt 0:03:42]} 30. fxe3 {[%emt 0:07:30]} Bxe4 {[%emt 0:00:30]} 31. Qc5 {[%emt 0:01:30]} fxe3 {[%emt 0:00:23]} 32. Re1 {[%emt 0:03:30]} Rf2 {[%emt 0:01:20]} 33. Rxe3 {[%emt 0:00:30]} Rxg2+ {[%emt 0:01:09]} 34. Kf1 {[%emt 0:00:30]} Rf8+ {[%emt 0:00:25]} 35. Ke1 {[%emt 0:00:30]} Rg1+ {[%emt 0:02:33]} 36. Kd2 {[%emt 0:00:00]} Rg2+ {[%emt 0:03:47]} 37. Re2 {[%emt 0:00:00]} Bxc6 {[%emt 0:00:06]} 38. Qxc6 {[%emt 0:00:30]} Rd8+ {[%emt 0:00:06]} 39. Ke1 {[%emt 0:00:00]} 1-0

[Event "World Junior U20 Girls 2018"]
[Site "Gebze"]
[Date "2018.09.11"]
[Round "7"]
[White "Kamalidenova, Meruert"]
[Black "Aksoy, Ayca"]
[Result "0-1"]
[WhiteElo "2011"]
[BlackElo "1898"]
[Annotator "NA"]
[PlyCount "76"]
[EventDate "2018.09.05"]
[EventType "swiss"]
[EventCountry "TUR"]
[SourceTitle "playchess.com"]
[Source "ChessBase"]
[SourceQuality "1"]
[TimeControl "40/5400+30:1800+30"]

1. e4 {[%emt 0:00:30]} c5 {[%emt 0:00:30]} 2. Nf3 {[%emt 0:00:00]} g6 {[%emt 0:02:30]} 3. d4 {[%emt 0:00:00]} cxd4 {[%emt 0:00:30]} 4. Nxd4 {[%emt 0:01:30]} Nf6 {[%emt 0:02:30]} 5. Nc3 {[%emt 0:01:30]} d6 {[%emt 0:00:30]} 6. Be3 {[%emt 0:00:30]} Bg7 {[%emt 0:00:30]} 7. f3 {[%emt 0:00:30]} Nc6 {[%emt 0:01:30]} 8. Qd2 {[%emt 0:00:30]} Nxd4 {[%emt 0:03:30]} 9. Bxd4 {[%emt 0:00:00]} O-O {[%emt 0:01:30]} 10. g4 {[%emt 0:03:00]} a6 {[%emt 0:14:30] B76: Sicilian Dragon: Yugoslav Attack, 9 g4 and 9 0-0-0} (10... Be6 $14 11. h4 Qa5 12. h5 Rfc8 13. a3 Rab8 14. hxg6 hxg6 15. Bd3 Bc4 16. O-O-O b5 17. Bxc4 Rxc4 18. Bxf6 Bxf6 19. Nd5 Qxd2+ 20. Rxd2 Kg7 {1-0 (66) Vocaturo,D (2598)-Grigoryan,K (2584) Barcelona 2017}) 11. h4 {[%emt 0:02:30]} e5 {[%emt 0:08:30]} 12. Be3 {[%emt 0:01:30]} Be6 {[%emt 0:02:30]} 13. O-O-O {[%emt 0:04:30]} Qa5 $146 {[%emt 0:01:30]} ({Predecessor:} 13... Ne8 14. h5 Rc8 15. Nd5 Bxd5 16. Qxd5 Qc7 17. Rd2 {1-0 (38) Claussen,S (1705)-Diekmann,A Hockenheim 1994}) 14. Qxd6 {[%emt 0:02:30]} Nd7 {[%emt 0:08:30]} 15. a3 {[%emt 0:04:30]} Rfc8 {[%emt 0:04:30]} 16. Qd2 {[%emt 0:03:30]} Bf8 {[%emt 0:01:30]} 17. Nb1 {[%emt 0:11:30]} Qa4 {[%emt 0:00:30]} 18. Bd3 {[%emt 0:02:30]} Nc5 {[%emt 0:05:30]} 19. Bxc5 {[%emt 0:02:30]} Rxc5 {[%emt 0:00:30]} 20. Qg2 {[%emt 0:05:30]} (20. Nc3 $11 Qd4 21. Bf1 Qxd2+ 22. Rxd2) 20... Rac8 {[%emt 0:01:30]} 21. Rd2 {[%emt 0:00:30]} R5c7 {[%emt 0:00:30]} 22. Kd1 {[%emt 0:00:30]} b5 {[%emt 0:08:30]} 23. Ke2 {[%emt 0:13:30]} Bc4 {[%emt 0:03:30]} 24. Bxc4 {[%emt 0:05:30]} Qxc4+ {[%emt 0:01:30]} 25. Kf2 {[%emt 0:02:30]} Bc5+ {[%emt 0:04:30]} 26. Kg3 {[%emt 0:01:30]} Be3 {[%emt 0:01:30]} 27. Re2 {[%emt 0:01:30]} Bf4+ {[%emt 0:00:30]} 28. Kh3 {[%emt 0:00:30]} Qa2 {[%emt 0:00:45]} 29. c3 {[%emt 0:02:30]} Rd8 {[%emt 0:00:15]} 30. Rc2 {[%emt 0:02:30]} Qb3 {[%emt 0:01:42]} 31. Qe2 {[%emt 0:02:30]} Rcd7 {[%emt 0:00:31]} 32. Rf1 {[%emt 0:02:30]} Rd3 {[%emt 0:00:18]} 33. a4 $19 {[%emt 0:05:57]} (33. c4) 33... Qxa4 {[%emt 0:02:40]} 34. Qg2 {[%emt 0:06:15]} Qxe4 {[%emt 0:02:09]} 35. Re2 {[%emt 0:02:56]} Qc6 {[%emt 0:02:40]} 36. c4 {[%emt 0:04:24]} e4 {[%emt 0:02:23]} 37. Ref2 {[%emt 0:00:50]} Qxc4 {[%emt 0:01:37]} 38. Nc3 {[%emt 0:02:12]} Qc6 {[%emt 0:04:37]} 0-1

[Event "World Junior U20 Girls 2018"]
[Site "Gebze"]
[Date "2018.09.11"]
[Round "7"]
[White "Cramling Bellon, Anna"]
[Black "Wafa, Shahenda"]
[Result "0-1"]
[WhiteElo "2009"]
[BlackElo "2129"]
[Annotator "TA"]
[PlyCount "146"]
[EventDate "2018.09.05"]
[EventType "swiss"]
[EventCountry "TUR"]
[SourceTitle "playchess.com"]
[Source "ChessBase"]
[SourceQuality "1"]

{[%evp 9,146,6,6,6,56,0,55,4,23,4,27,35,54,10,-4,-58,0,0,0,0,-13,-9,0,0,0,0,0,0,0,0,13,0,27,22,29,17,44,31,33,44,39,41,33,20,27,0,15,17,27,20,21,19,39,39,30,0,60,55,54,0,0,0,0,-4,0,0,25,0,42,-18,372,-61,79,30,33,11,14,10,10,10,10,10,109,10,19,-30,-41,-84,-66,-110,-50,-160,0,0,0,0,11,-132,-126,-158,-58,-258,-277,-376,-145,-180,-132,-204,-119,-168,-163,-442,0,0,0,0,0,0,-16,-370,-345,-354,-346,-339,-332,-421,-397,-1195,-1192,-1047,-1040,-29981,-29982,-29995,-29996,-29997,-29998,-29998,-29999]} 1. d4 f5 2. Nc3 Nf6 3. Bg5 b6 (3... d5 4. e3 Be6 5. Nf3 c6 6. Bd3 Nbd7 7. Ne2 g6 8. O-O Bg7 9. Rc1 Ne4 10. c4 h6 11. Bf4 g5 12. cxd5 Bxd5 {½-½ (60) Aronian,L (2789)-Nepomniachtchi,I (2751) chess.com INT 2017}) 4. Qd3 e6 $146 ({Predecessor:} 4... g6 5. Bxf6 exf6 6. h4 Ba6 7. Qf3 Nc6 8. h5 Rg8 9. O-O-O Qe7 10. Nd5 Qd6 11. g4 {0-1 (25) Astudillo,I (1975)-Paterson,A (2015) West Bromwich 2016}) 5. d5 Ba6 6. Qh3 {A80: Dutch Defence: Unusual White second moves} h6 {[#]} 7. dxe6 (7. e4 $1 $14 {[%mdl 512]} Bd6 (7... fxe4 8. dxe6) 8. Bh4) 7... dxe6 {[#]} (7... Bb4 $1 $11) 8. Rd1 (8. e4 $1 $14 {[%mdl 512]} Bd6 (8... fxe4 9. Bxa6) 9. f4 Bxf1 10. Kxf1) 8... Nbd7 9. e4 Bxf1 10. Kxf1 Bd6 11. f4 {e5 is the strong threat.} (11. exf5 {is interesting.} exf5 12. Bh4 O-O 13. Qxf5 Qe7 14. Nd5) 11... fxe4 {[#] Black wants to play ...0-0.} 12. Nxe4 $1 {[%mdl 512]} Qe7 (12... Nxe4 13. Bxd8) 13. Bxf6 Nxf6 14. Nxd6+ cxd6 15. Re1 $1 {[%cal Re1e6]} Kf7 16. Nf3 Rhe8 17. Nd4 $36 {[%mdl 2048] White has good play.} Qc7 18. Qb3 $1 {[%cal Rd4e6]} d5 19. g3 Rac8 20. c3 Ne4 21. Kg2 Rcd8 22. Qd1 Qc4 23. a3 Kg8 24. Qg4 Qc8 25. Qg6 {aiming for f5.} Rd6 26. Nb5 Rd7 27. Nd4 Rf7 28. Rhf1 Rf6 29. Qh5 Ref8 30. h4 Qc4 31. Qe5 Nc5 32. Qe2 Qd3 (32... Qxe2+ $11 33. Rxe2 g5) 33. Rf3 Qg6 34. Kh2 (34. Nc6 $14 Qf7 35. Ne5) 34... Ne4 $11 {Hoping for ...e5!} 35. Nc6 Qh5 36. Re3 Qe8 37. Ne5 ({Avoid the trap} 37. Nxa7 $2 e5 $19) 37... Rf5 38. Rf1 Kh7 39. Ref3 (39. Kg1 $14) 39... Qh5 $2 {[%mdl 8192]} (39... g5 $1 $11 {and Black stays safe.}) 40. Kg2 $2 {[#]} (40. g4 $1 $18 {[%cal Rg4h5]} Qxh4+ 41. Rh3 Rxf4 42. Rxf4 (42. Rxh4 $2 {loses.} Rxf1 43. Nd3 Rh1+ 44. Kxh1 Ng3+ 45. Kh2 Nxe2 $19) 42... Qxh3+ 43. Kxh3 Rxf4 44. Nd3 Ng5+ 45. Kg3) 40... Qe8 (40... Rxf4 $1 $15 {[%mdl 512] keeps the upper hand.} 41. gxf4 (41. Rxf4 Qxe2+) 41... Rxf4) 41. Qc2 b5 42. g4 R5f6 43. h5 Kg8 44. Qd3 Nc5 45. Qe3 Qc8 (45... Ne4 $1 $11) 46. Rd1 (46. g5 $16 hxg5 47. fxg5 Rxf3 48. Rxf3) 46... Ne4 47. a4 bxa4 48. c4 Qb7 49. Kg1 Rd8 ({Of course not} 49... Qxb2 $6 50. Nd7 $11) (49... Rc8 $17 50. Qd3 dxc4 51. Nxc4 Ng5 $1 {[%mdl 512]}) 50. Qa3 (50. Qd4 $15) 50... d4 $2 (50... Qb6+ $17 51. Kh2 Rff8 52. cxd5 exd5) 51. c5 Qc7 52. c6 Qb6 53. Rdd3 (53. Qxa4 $11 d3+ 54. Kf1) 53... Nc5 $1 $17 {[%cal Rc5d3]} 54. Rd2 Rd5 ({Black should play} 54... d3 $1 $17 55. Kh2 Rd4) 55. Ng6 $2 {[#]} (55. Kh2 $15) 55... Rf7 $1 $19 56. Ne5 Rc7 $2 (56... d3 $1 $19 {and Black stays clearly on top.} 57. c7 Rxc7) 57. Kg2 a5 58. Rd1 (58. Kh3 $17) 58... Qb4 ({Black should try} 58... Rxc6 $19 59. Nxc6 Qxc6) 59. Qa1 {[#]} d3 $1 {[%mdl 512]} 60. Qb1 $2 {[#]} (60. Kh3 {was the only defense.}) (60. Nxd3 Rxd3) 60... d2 $2 (60... Rxe5 $1 $19 {[%mdl 512]} 61. fxe5 Qxg4+ 62. Rg3 Qe2+ 63. Kg1 Rf7) 61. Qg6 $11 {White threatens Qe8+ and mate.} Rd8 62. Rc3 Re7 63. c7 Rxc7 {White must now prevent ...a3.} 64. Nd3 $2 {[%mdl 8192] [#]} (64. Rc4 $1 $11 {and White has nothing to worry.} Qb3 65. Rd4) 64... Nxd3 $1 {[%mdl 512]} 65. Rxd3 Rxd3 66. Qxd3 $19 {[%mdl 4096] Endgame Threatens to win with Qd8+. KQR-KQR} Qb7+ 67. Kg3 Rd7 68. Qg6 $2 (68. Qe2 Qd5 69. Qe3) 68... Qb3+ 69. Kf2 Rd8 70. Qb1 Rd3 {Black mates.} 71. Ke2 Rh3 72. Kxd2 Rh2+ 73. Kc1 Qc4+ {Precision: White = 22%, Black = 33%.} 0-1

[Event "World Junior U20 Girls 2018"]
[Site "Gebze"]
[Date "2018.09.11"]
[Round "7"]
[White "Hu, Yu A"]
[Black "Nassr, Lina"]
[Result "1/2-1/2"]
[WhiteElo "2009"]
[BlackElo "1854"]
[Annotator "NA"]
[PlyCount "72"]
[EventDate "2018.09.05"]
[EventType "swiss"]
[EventCountry "TUR"]
[SourceTitle "playchess.com"]
[Source "ChessBase"]
[SourceQuality "1"]
[TimeControl "40/5400+30:1800+30"]

1. e4 {[%emt 0:00:30]} c5 {[%emt 0:00:30]} 2. Nf3 {[%emt 0:00:00]} e6 {[%emt 0:00:30]} 3. d4 {[%emt 0:00:00]} cxd4 {[%emt 0:00:00]} 4. Nxd4 {[%emt 0:00:30]} Nf6 {[%emt 0:00:00]} 5. Nc3 {[%emt 0:00:00]} Nc6 {[%emt 0:00:00]} 6. Ndb5 {[%emt 0:00:00]} Bc5 {[%emt 0:01:00]} 7. Bf4 {[%emt 0:02:30]} O-O {[%emt 0:00:30] B45: Sicilian Four Knights} 8. Bd6 {[%emt 0:10:30]} Qb6 {[%emt 0:01:30]} 9. Qd2 {[%emt 0:12:30]} Bxd6 {[%emt 0:03:30]} 10. Nxd6 {[%emt 0:00:30]} Qxb2 {[%emt 0:05:30]} 11. Rb1 {[%emt 0:00:30]} Qa3 {[%emt 0:00:30]} 12. Rb5 $146 {[%emt 0:05:30]} ({Predecessor:} 12. f4 Ne8 13. Nxb7 Qe7 14. e5 f6 15. exf6 gxf6 {1-0 (78) Abdulla,K (2266)-Schleining,Z (2375) Chakvi 2015}) 12... a6 {[%emt 0:09:30]} 13. Rg5 {[%emt 0:05:30] [#]} Ne8 $1 {[%emt 0:08:30]} 14. Nc4 {[%emt 0:05:30] [#]} Qe7 $1 {[%emt 0:01:30]} 15. e5 {[%emt 0:00:30]} (15. Nb6 $17 {might work better.} Rb8 16. Be2) 15... b5 {[%emt 0:02:30]} 16. Nb6 {[%emt 0:03:30]} Rb8 {[%emt 0:01:30]} 17. Nxc8 {[%emt 0:00:30]} Rxc8 {[%emt 0:00:00]} 18. Bd3 {[%emt 0:00:00]} f5 {[%emt 0:08:00]} 19. exf6 {[%emt 0:02:00]} Nxf6 {[%emt 0:02:30]} 20. O-O {[%emt 0:01:30]} Nb4 {[%emt 0:02:30]} 21. Be2 $2 {[%emt 0:02:30]} (21. Ne2) 21... Nxa2 {[%emt 0:07:30]} 22. Nxa2 {[%emt 0:00:30]} Ne4 {[%emt 0:00:30]} 23. Rxg7+ {[%emt 0:00:30]} Qxg7 {[%emt 0:00:30]} 24. Qe3 {[%emt 0:10:30]} Nc3 {[%emt 0:07:30]} 25. Nxc3 {[%emt 0:00:30]} Rxc3 {[%emt 0:00:00]} 26. Bd3 {[%emt 0:00:00]} b4 {[%emt 0:02:00]} 27. f4 {[%emt 0:00:00]} Ra3 {[%emt 0:10:30]} 28. Rf3 {[%emt 0:01:30]} Kh8 {[%emt 0:03:30]} 29. Qe4 {[%emt 0:14:30]} Rg8 {[%emt 0:09:53]} 30. Rg3 {[%emt 0:05:50]} Qa1+ {[%emt 0:00:43]} 31. Kf2 {[%emt 0:00:21]} Rxd3 {[%emt 0:00:42]} 32. Rxd3 {[%emt 0:00:19]} Qg7 {[%emt 0:01:13]} 33. Rg3 $11 {[%emt 0:01:31]} Qb2 {[%emt 0:01:52]} 34. Rb3 {[%emt 0:00:34]} Qf6 {[%emt 0:02:17]} 35. Rxb4 {[%emt 0:00:58]} d5 {[%emt 0:02:25]} 36. Qe3 {[%emt 0:03:06]} Rc8 {[%emt 0:00:47]} 1/2-1/2